000 00680nam a22001817a 4500
003 UA-OsUOA
001 16566
007 ta
008 20040114b un ||||| |||| 00| 0 ukr d
100 _aЛосінська Н.
942 _cSA
040 _aUA-OsUOA
_cUA-OsUOA
_dUA-OsUOA
245 _aЛікуємо , вчимося - так живемо
_b[Про колектив центру мікрохірургії вуха та сурдоневрології Рівнен. обл. клініч. лікарні]
300 _aС.3
955 _a0
773 0 _w0
_tМедичний вісник
_dРівне
_d2003
_g№23/ 13 черв./
650 7 _aКраєзнавча робота
_2UDC
999 _c302731
_d302731